| 000 | 00720nam a2200253 a 4500 | ||
|---|---|---|---|
| 001 | 1135 | ||
| 003 | BR-CuiBMT | ||
| 005 | 20231129195430.0 | ||
| 008 | 231129s2005 mtba 000 0 por d | ||
| 020 | _a8589898334 | ||
| 040 |
_aBR-CuiBMT _cBR-CuiBMT |
||
| 080 |
_22007 _a34:336.2 |
||
| 090 |
_a34:336.2 _bR488v |
||
| 100 | 1 | _aRicas, Roseli Raquel | |
| 245 | 2 |
_aO verdadeiro contribuinte dos impostos indiretos / _cRoseli Raquel Ricas. |
|
| 260 |
_aCáceres : _bUnemat, _c2005. |
||
| 300 |
_a157 p.: _bil. _c20 cm |
||
| 504 | _aInclui bibliografia. | ||
| 650 |
_aLegislação tributária _zBrasil |
||
| 650 |
_aTributos _zBrasil |
||
| 650 |
_aImpostos _zBrasil |
||
| 650 | _aDireito tributário | ||
| 942 |
_2udc _cLV |
||
| 999 |
_c1135 _d1135 |
||